[Event "EU-chT Seniors 15th"]
[Site "Dresden"]
[Date "2013.07.26"]
[Round "7"]
[White "Nautsch, Werner"]
[Black "Byway, Paul"]
[Result "1/2-1/2"]
[WhiteElo "2206"]
[BlackElo "2140"]
[EventDate "2013.07.20"]
[PlyCount "112"]

1.f4 Nf6 2.Nf3 c5 3.b3 d5 4.e3 Nc6 5.Bb5 Bd7 6.Bb2 e6 7.O-O Qc7 8.Qe2 Bd6 
9.Bxc6 Bxc6 10.Ne5 O-O 11.d3 Nd7 12.Nxc6 Qxc6 13.Qg4 e5 14.Nd2 f5 15.Qf3 
exf4 16.exf4 Rae8 17.Rae1 Re7 18.Rxe7 Bxe7 19.c4 d4 20.Qxc6 bxc6 21.Re1 
Bd6 22.g3 Kf7 23.Nf3 h6 24.Kf2 g6 25.Bc1 Re8 26.Rxe8 Kxe8 27.Bd2 Kf8 28.
Ba5 a6 29.Bd2 Ke8 30.Bc1 Kf7 31.Ba3 Ke6 32.Ne1 Bc7 33.Nc2 Ba5 34.Ke2 Kf7 
35.Bb2 Bd8 36.b4 cxb4 37.Bxd4 a5 38.Be3 c5 39.d4 Be7 40.Kd3 cxd4 41.Nxd4 
Bc5 42.Nc6 a4 43.Bd2 Bg1 44.Nxb4 Nc5+ 45.Ke2 Bxh2 46.Be1 Ne4 47.Kf3 Bg1 
48.Nd3 Bd4 49.g4 Bc3 50.gxf5 gxf5 51.Bxc3 Nxc3 52.a3 Nb1 53.Nb2 Nxa3 54.c5
Ke6 55.Nxa4 Kd5 56.Kg3 Nc2 1/2-1/2

[Event "EU-chT Seniors 15th"]
[Site "Dresden"]
[Date "2013.07.26"]
[Round "7"]
[White "Rosen, Willy"]
[Black "James, Geoffrey"]
[Result "1-0"]
[WhiteElo "2290"]
[BlackElo "2191"]
[EventDate "2013.07.20"]
[PlyCount "66"]

1.e4 e5 2.Nf3 Nc6 3.Be2 Nf6 4.d3 d5 5.Nbd2 dxe4 6.dxe4 Bc5 7.O-O O-O 8.c3 
a5 9.Qc2 Qe7 10.Nc4 h6 11.b3 Bg4 12.Ne3 Be6 13.Re1 Ng4 14.Bf1 Nxe3 15.Bxe3
Rad8 16.Qb2 Bxe3 17.Rxe3 Qc5 18.a3 f6 19.b4 Qb6 20.Nd2 Kh7 21.Nc4 Bxc4 22.
Bxc4 Rd6 23.Qe2 Rfd8 24.Qg4 Rd2 25.Rf1 R8d7 26.Be6 Re7 27.Bf5+ Kg8 28.Qg6 
Nd8 29.Rh3 Nf7 30.Rg3 Ng5 31.h4 Nxe4 32.Qh7+ Kf8 33.Qh8+ Kf7 1-0

[Event "EU-chT Seniors 15th"]
[Site "Dresden"]
[Date "2013.07.26"]
[Round "7"]
[White "Yeo, Michael"]
[Black "Mueller Clostermann, Bruno"]
[Result "1-0"]
[WhiteElo "2170"]
[BlackElo "2165"]
[EventDate "2013.07.20"]
[PlyCount "83"]

1.e4 Nf6 2.e5 Nd5 3.d4 d6 4.c4 Nb6 5.f4 dxe5 6.fxe5 c5 7.d5 e6 8.Nc3 exd5 
9.cxd5 c4 10.d6 Nc6 11.Bf4 Be6 12.Nf3 Nd7 13.Ng5 Ndxe5 14.Nxe6 fxe6 15.
Bxe5 Nxe5 16.Qh5+ Ng6 17.O-O-O Qb6 18.d7+ Kd8 19.Bxc4 Bb4 20.Rhe1 Bxc3 21.
bxc3 e5 22.Bf7 Qc6 23.Bxg6 Qxc3+ 24.Bc2 Qa3+ 25.Kd2 Qb4+ 26.Ke2 Qc4+ 27.
Bd3 Qxa2+ 28.Rd2 Qe6 29.Rf1 g6 30.Bxg6 Rg8 31.Qh4+ Qe7 32.Qxe7+ Kxe7 33.
Rf7+ Ke6 34.Rxh7 Rgd8 35.Be4 Rab8 36.Rh6+ Kf7 37.Rdd6 b5 38.Rh7+ Kg8 39.
Rdh6 Rb6 40.Bd5+ Kf8 41.Rh8+ Kg7 42.Rxd8 1-0

[Event "EU-chT Seniors 15th"]
[Site "Dresden"]
[Date "2013.07.26"]
[Round "7"]
[White "Phillips, William"]
[Black "Zanger, Konrad"]
[Result "1-0"]
[WhiteElo "1932"]
[BlackElo "1817"]
[EventDate "2013.07.20"]
[PlyCount "72"]

1.e4 g6 2.d4 d6 3.Bd3 Bg7 4.c3 Nd7 5.f4 e6 6.Nf3 Ne7 7.O-O O-O 8.Na3 a6 9.
Nc2 b5 10.Bd2 Bb7 11.Qe1 c5 12.Ne3 Nf6 13.e5 Ne4 14.Bxe4 Bxe4 15.Ng4 Bf5 
16.Nf2 c4 17.Ne4 Bxe4 18.Qxe4 dxe5 19.fxe5 Qd5 20.Ng5 h6 21.Qxd5 Nxd5 22.
Ne4 Ra7 23.Rf3 Rd7 24.Raf1 Ne7 25.Nc5 Ra7 26.g4 a5 27.Rh3 g5 28.Rhf3 Ng6 
29.Ne4 Nh4 30.R3f2 Ng6 31.Nd6 Nf4 32.Bxf4 gxf4 33.Rxf4 b4 34.cxb4 axb4 35.
Nxc4 Rxa2 36.R4f2 Ra7 1-0

[Event "EU-chT Seniors 15th"]
[Site "Dresden"]
[Date "2013.07.26"]
[Round "7"]
[White "Stavenhagen, Johannes"]
[Black "Habershon, Paul"]
[Result "1-0"]
[WhiteElo "2007"]
[BlackElo "2092"]
[EventDate "2013.07.20"]
[PlyCount "85"]

1.d4 Nf6 2.Nf3 e6 3.Bg5 Be7 4.e3 b6 5.Bd3 Bb7 6.Nbd2 d5 7.Rc1 O-O 8.O-O 
Nbd7 9.c4 c5 10.cxd5 exd5 11.Re1 Ne4 12.Bxe7 Qxe7 13.Bb5 Ndf6 14.Ne5 Rac8 
15.Nf1 c4 16.f3 Nd6 17.Ba4 Rfd8 18.Ng3 Nfe8 19.Bc2 f6 20.Ng4 Rc7 21.e4 
dxe4 22.fxe4 Nb5 23.Nf5 Qf8 24.d5 Nbd6 25.Nd4 Bc8 26.Nc6 Rdd7 27.e5 Nb5 
28.Qf3 Qc5+ 29.Ne3 g6 30.Kh1 Nd4 31.Nxd4 Qxd4 32.d6 Rc5 33.b4 Rxe5 34.Nxc4
Bb7 35.Qh3 Rxd6 36.Rxe5 fxe5 37.Nxd6 Qxd6 38.Bb3+ Kh8 39.Rd1 Qxb4 40.Qe6 
Qf8 41.Qxe5+ Ng7 42.Qc7 Be4 43.Rd8 1-0

[Event "EU-chT Seniors 15th"]
[Site "Dresden"]
[Date "2013.07.26"]
[Round "7"]
[White "Wood, Peter R"]
[Black "Alter, Helmut"]
[Result "1-0"]
[WhiteElo "1951"]
[BlackElo "1876"]
[EventDate "2013.07.20"]
[PlyCount "89"]

1.e4 c5 2.Nc3 Nc6 3.g3 g6 4.Bg2 Bg7 5.d3 e6 6.f4 Nge7 7.Nf3 O-O 8.O-O d5 
9.e5 a6 10.Kh1 b5 11.d4 cxd4 12.Nxd4 Nxd4 13.Qxd4 Nc6 14.Qc5 Bb7 15.Be3 
Rc8 16.Qb6 Qd7 17.Ne2 Rfd8 18.c3 Bf8 19.Rfd1 Ne7 20.Nd4 Nc6 21.Nxc6 Rxc6 
22.Qd4 Bc5 23.Qd3 Bxe3 24.Qxe3 Rc4 25.Rd4 Rdc8 26.Bf1 Rxd4 27.Qxd4 Qc6 28.
Kg1 Qc5 29.Rd1 h5 30.Qxc5 Rxc5 31.Rd4 Kg7 32.a4 Bc6 33.axb5 axb5 34.Kf2 
Bd7 35.Rb4 Kf8 36.Ke3 Ke7 37.Kd4 Rc8 38.Bxb5 Rb8 39.Kc5 Rc8+ 40.Kb6 Rb8+ 
41.Ka5 Bc8 42.Bc6 Rxb4 43.Kxb4 Ba6 44.Kc5 Bc4 45.b4 1-0

[Event "EU-chT Seniors 15th"]
[Site "Dresden"]
[Date "2013.07.26"]
[Round "7"]
[White "Hjertenes, Oystein"]
[Black "Striebich, Rudolf"]
[Result "1/2-1/2"]
[WhiteElo "2096"]
[BlackElo "2190"]
[EventDate "2013.07.20"]
[PlyCount "54"]

1.Nf3 Nf6 2.g3 d5 3.c4 dxc4 4.Bg2 c6 5.a4 Bf5 6.Na3 e6 7.Nxc4 Nbd7 8.O-O 
Be7 9.b3 O-O 10.Bb2 h6 11.d3 Bh7 12.Nfe5 Nd5 13.Nxd7 Qxd7 14.Rc1 Rfe8 15.
a5 Nb4 16.Qd2 Rac8 17.Qc3 Bf8 18.Ra1 Qc7 19.Ra4 Na6 20.Rc1 Qd8 21.Ne5 Nc7 
22.e4 Nb5 23.Qc4 a6 24.f4 Nd6 25.Qc3 Nb5 26.Qc4 Nd6 27.Qc3 Nb5 1/2-1/2

[Event "EU-chT Seniors 15th"]
[Site "Dresden"]
[Date "2013.07.26"]
[Round "7"]
[White "Kristiansen, Erling"]
[Black "Sandmeier, Toni"]
[Result "0-1"]
[WhiteElo "2219"]
[BlackElo "2204"]
[EventDate "2013.07.20"]
[PlyCount "52"]

1.d4 Nf6 2.c4 e6 3.Nf3 b6 4.g3 Bb7 5.Bg2 d5 6.Nc3 Be7 7.O-O O-O 8.Ne5 Nbd7
9.Qa4 c6 10.Nxc6 Bxc6 11.Qxc6 Rc8 12.Qb7 Rxc4 13.e3 Qc8 14.Qxa7 Qc6 15.e4 
Ra8 16.exd5 exd5 17.Qxa8+ Qxa8 18.Be3 Bb4 19.Nb5 Rc2 20.a4 Rxb2 21.Rfc1 h6
22.Rc7 Bd2 23.Nd6 Bxe3 24.fxe3 Qa5 25.Rd1 Qxa4 26.Bf3 Qa3 0-1

[Event "EU-chT Seniors 15th"]
[Site "Dresden"]
[Date "2013.07.26"]
[Round "7"]
[White "Staub, Gerhard"]
[Black "Steedman, James"]
[Result "0-1"]
[WhiteElo "2097"]
[BlackElo "2123"]
[EventDate "2013.07.20"]
[PlyCount "56"]

1.Nf3 c5 2.b3 d6 3.Bb2 e5 4.e4 Nc6 5.d3 g6 6.Nc3 Nge7 7.Nd5 Nxd5 8.exd5 
Ne7 9.c4 Bg7 10.Be2 O-O 11.Qd2 h6 12.O-O f5 13.Ne1 f4 14.Bf3 g5 15.Be4 Bf5
16.f3 Qd7 17.Nc2 h5 18.Kf2 Rf6 19.Ke2 Rh6 20.Rg1 Kf7 21.Raf1 Rg8 22.Kd1 g4
23.Ne1 b6 24.Qe2 Ke8 25.Bc1 Kd8 26.Kc2 Kc7 27.g3 fxg3 28.hxg3 Bxe4 0-1

[Event "EU-chT Seniors 15th"]
[Site "Dresden"]
[Date "2013.07.26"]
[Round "7"]
[White "Vogt, Lothar"]
[Black "Harestad, Thor Geir"]
[Result "1/2-1/2"]
[WhiteElo "2402"]
[BlackElo "2199"]
[EventDate "2013.07.20"]
[PlyCount "53"]

1.e4 c5 2.c3 d5 3.exd5 Qxd5 4.d4 e6 5.Nf3 Nf6 6.Be3 cxd4 7.cxd4 Be7 8.Nc3 
Qd8 9.Bd3 O-O 10.O-O Nc6 11.a3 b6 12.Qe2 Bb7 13.Rad1 Re8 14.Rfe1 Qc7 15.
Bg5 Rad8 16.Bb1 g6 17.Ba2 Nd5 18.Bxd5 exd5 19.Qd2 f6 20.Bf4 Qd7 21.b4 Bf8 
22.h3 Ne7 23.Bh6 Bxh6 24.Qxh6 Nf5 25.Qf4 Qd6 26.Qd2 Qd7 27.Qf4 1/2-1/2

[Event "EU-chT Seniors 15th"]
[Site "Dresden"]
[Date "2013.07.26"]
[Round "7"]
[White "Hamm, Georg"]
[Black "Morant, Paul"]
[Result "1/2-1/2"]
[WhiteElo "2109"]
[BlackElo "2166"]
[EventDate "2013.07.20"]
[PlyCount "27"]

1.e4 c5 2.Nf3 a6 3.g3 d6 4.Bg2 Nf6 5.d3 g6 6.O-O Bg7 7.Re1 O-O 8.Nbd2 Nc6 
9.c3 e5 10.Nb3 Re8 11.h3 Bd7 12.Bg5 h6 13.Bd2 Rc8 14.Nh2 1/2-1/2

[Event "EU-chT Seniors 15th"]
[Site "Dresden"]
[Date "2013.07.26"]
[Round "7"]
[White "Kivipelto, Kaj Erik"]
[Black "Breitfeld, Joachim"]
[Result "1/2-1/2"]
[WhiteElo "2186"]
[BlackElo "2011"]
[EventDate "2013.07.20"]
[PlyCount "22"]

1.Nf3 Nf6 2.g3 b5 3.Bg2 Bb7 4.O-O e6 5.d3 Be7 6.e4 d6 7.Re1 Nbd7 8.Nbd2 
O-O 9.Nf1 c5 10.h3 Qc7 11.Qe2 Rab8 1/2-1/2

[Event "EU-chT Seniors 15th"]
[Site "Dresden"]
[Date "2013.07.26"]
[Round "7"]
[White "Vinke, Dietmar"]
[Black "Neukirch, Detlef"]
[Result "1/2-1/2"]
[WhiteElo "2225"]
[BlackElo "2247"]
[EventDate "2013.07.20"]
[PlyCount "23"]

1.d4 Nf6 2.Nf3 e6 3.e3 c5 4.Nbd2 b6 5.Bd3 Bb7 6.O-O Be7 7.b3 O-O 8.Bb2 d5 
9.Qe2 Nc6 10.a3 Rc8 11.Rfd1 Qc7 12.Rac1 1/2-1/2

[Event "EU-chT Seniors 15th"]
[Site "Dresden"]
[Date "2013.07.26"]
[Round "7"]
[White "Jeske, Eckhard"]
[Black "Haase, Wolfgang"]
[Result "1-0"]
[WhiteElo "2231"]
[BlackElo "2120"]
[EventDate "2013.07.20"]
[PlyCount "43"]

1.c4 e5 2.Nc3 Nc6 3.Nf3 g6 4.d4 exd4 5.Nxd4 Bg7 6.Nxc6 bxc6 7.e4 d6 8.Be2 
Be6 9.O-O Ne7 10.Bf4 Rb8 11.Qd2 h6 12.Rac1 c5 13.b3 a6 14.Be3 Qc8 15.Bd3 
Nc6 16.f4 Nd4 17.Rce1 Kf8 18.Kh1 c6 19.f5 gxf5 20.exf5 Bxf5 21.Bxd4 cxd4 
22.Bxf5 1-0

[Event "EU-chT Seniors 15th"]
[Site "Dresden"]
[Date "2013.07.26"]
[Round "7"]
[White "Lenk, Wolfgang"]
[Black "Biller, Helmut"]
[Result "1/2-1/2"]
[WhiteElo "2203"]
[BlackElo "2098"]
[EventDate "2013.07.20"]
[PlyCount "36"]

1.e4 d6 2.d4 Nf6 3.Nc3 g6 4.f3 c6 5.Be3 b5 6.a3 Nbd7 7.Qd2 Bb7 8.Nh3 a6 9.
Nf2 Qc7 10.Be2 e5 11.f4 Bg7 12.g4 exd4 13.Bxd4 c5 14.Bxf6 Bxf6 15.Bxb5 
axb5 16.Nxb5 Qc6 17.Nxd6+ Kf8 18.Nxb7 Qxb7 1/2-1/2

[Event "EU-chT Seniors 15th"]
[Site "Dresden"]
[Date "2013.07.26"]
[Round "7"]
[White "Thieme, Hans"]
[Black "Weidlich, Guenter"]
[Result "1/2-1/2"]
[WhiteElo "2084"]
[BlackElo "2281"]
[EventDate "2013.07.20"]
[PlyCount "63"]

1.e4 g6 2.d4 Bg7 3.Nc3 c6 4.Nf3 d6 5.Bc4 Nf6 6.Bb3 O-O 7.O-O d5 8.Re1 Bg4 
9.e5 Ne8 10.h3 Bxf3 11.Qxf3 Nc7 12.Ne2 Qd7 13.c3 Nba6 14.Qg3 f6 15.exf6 
exf6 16.Nf4 Rfe8 17.Bd2 Bf8 18.Qf3 Bd6 19.Nd3 Qf7 20.Rxe8+ Rxe8 21.Re1 
Rxe1+ 22.Bxe1 Ne6 23.h4 Nac7 24.Bd2 Ne8 25.Bc2 Bc7 26.g3 Nd6 27.Nf4 Nc4 
28.Nxe6 Qxe6 29.Bf4 Bxf4 30.Qxf4 Nd6 31.Kg2 Kg7 32.Bd3 1/2-1/2

[Event "EU-chT Seniors 15th"]
[Site "Dresden"]
[Date "2013.07.26"]
[Round "7"]
[White "Beltz, Martina"]
[Black "Jorgensen, Jorgen"]
[Result "1/2-1/2"]
[WhiteElo "2090"]
[BlackElo "2242"]
[EventDate "2013.07.20"]
[PlyCount "36"]

1.d4 f5 2.g3 d6 3.Bg2 Nf6 4.d5 g6 5.Nh3 Bg7 6.O-O O-O 7.c4 Na6 8.Nc3 Nc5 
9.Qc2 a5 10.Rb1 e5 11.dxe6 Bxe6 12.b3 c6 13.Ng5 Qe7 14.Ba3 Nfd7 15.Nxe6 
Nxe6 16.e3 Ndc5 17.Rbd1 Rad8 18.Ne2 Rfe8 1/2-1/2

[Event "EU-chT Seniors 15th"]
[Site "Dresden"]
[Date "2013.07.26"]
[Round "7"]
[White "Jeske, Kirsten"]
[Black "Holst, Per"]
[Result "0-1"]
[WhiteElo "1975"]
[BlackElo "2118"]
[EventDate "2013.07.20"]
[PlyCount "78"]

1.e4 e6 2.d4 d5 3.exd5 exd5 4.Bd3 Nc6 5.c3 Bd6 6.Nf3 Bg4 7.Be3 Nge7 8.h4 
Bh5 9.Nbd2 Qd7 10.Qc2 Bg6 11.Bxg6 hxg6 12.O-O-O O-O-O 13.b4 Nf5 14.Kb2 
Rde8 15.Rhe1 Nxe3 16.Rxe3 Rxe3 17.fxe3 f5 18.Qd3 Kb8 19.Ne1 Nd8 20.Nc2 Nf7
21.Ra1 Be7 22.Nb3 b6 23.a4 Nd6 24.a5 Bg5 25.axb6 cxb6 26.Nd2 Re8 27.Nf3 
Nc4+ 28.Kb1 Bxe3 29.Ne5 Nxe5 30.Qxe3 Nc4 31.Qg3+ Qd6 32.Qd3 Qe6 33.Qg3+ 
Kb7 34.Ka2 Nd6 35.Re1 Ne4 36.Qd3 Rc8 37.Kb2 Qc6 38.Re3 Qa4 39.Na3 Rxc3 0-1

[Event "EU-chT Seniors 15th"]
[Site "Dresden"]
[Date "2013.07.26"]
[Round "7"]
[White "Olesen, Poul Erik Norgaard"]
[Black "Nobis, Martina"]
[Result "1-0"]
[WhiteElo "2054"]
[BlackElo "1846"]
[EventDate "2013.07.20"]
[PlyCount "91"]

1.e4 g6 2.d4 Bg7 3.Be3 d6 4.Nc3 Nf6 5.Be2 c6 6.a4 a5 7.h3 Na6 8.Nf3 Nb4 9.
O-O O-O 10.Qd2 Bd7 11.Bh6 Qc7 12.e5 Ne8 13.Ne4 Bf5 14.exd6 Nxd6 15.Nxd6 
exd6 16.c3 Nd5 17.Bc4 Nf6 18.Nh4 Be4 19.f3 Bd5 20.Bd3 Be6 21.Bxg7 Kxg7 22.
f4 Bd5 23.Rae1 Rae8 24.f5 Rxe1 25.Rxe1 Qd8 26.c4 Nh5 27.Qf2 g5 28.f6+ Kh8 
29.Qf5 Nxf6 30.cxd5 gxh4 31.Rf1 Re8 32.Qxf6+ Qxf6 33.Rxf6 Re3 34.dxc6 bxc6
35.Bf1 Rb3 36.Rxd6 Rxb2 37.Rxc6 Rd2 38.Rd6 Kg7 39.Bb5 f6 40.d5 Kg6 41.Rd8 
Kf5 42.d6 Kf4 43.Kh2 Ke5 44.d7 Kd6 45.Re8 Kc7 46.Rc8+ 1-0

[Event "EU-chT Seniors 15th"]
[Site "Dresden"]
[Date "2013.07.26"]
[Round "7"]
[White "Pedersen, Sven"]
[Black "Burchardt, Brigitte"]
[Result "1-0"]
[WhiteElo "2225"]
[BlackElo "2201"]
[EventDate "2013.07.20"]
[PlyCount "123"]

1.e4 c5 2.Nc3 d6 3.g3 Nc6 4.Bg2 Nf6 5.d3 Nd4 6.Nce2 e5 7.c3 Nxe2 8.Qxe2 
Be7 9.f4 exf4 10.Bxf4 O-O 11.Nh3 Bg4 12.Qd2 d5 13.e5 Nh5 14.O-O f6 15.Rae1
Nxf4 16.Nxf4 d4 17.Bxb7 Rb8 18.Bd5+ Kh8 19.c4 fxe5 20.Rxe5 Bd6 21.Ree1 Qg5
22.Rf2 Qh6 23.Ne6 Qxd2 24.Rxd2 Rfe8 25.Kf2 h5 26.Ng5 Rxe1 27.Kxe1 Bc7 28.
Rf2 Re8+ 29.Kf1 Bd8 30.Nf7+ Kh7 31.Nxd8 Rxd8 32.Rf7 a6 33.Be4+ Kh6 34.Rc7 
Rc8 35.Ra7 Bh3+ 36.Ke1 h4 37.Rxa6+ Kh5 38.Ra8 Rxa8 39.Bxa8 hxg3 40.hxg3 
Bf5 41.Bf3+ Kg5 42.a3 Bxd3 43.Be2 Be4 44.b4 cxb4 45.axb4 Kf5 46.Kf2 Ke5 
47.Bf3 Bd3 48.c5 Ba6 49.Bc6 d3 50.Ke3 d2 51.Kxd2 Kd4 52.b5 Bc8 53.b6 Kxc5 
54.b7 Bxb7 55.Bxb7 Kd6 56.Ke3 Ke5 57.Be4 Kf6 58.Kf4 Kf7 59.Bh7 Kf6 60.Kg4 
Ke7 61.Kg5 Kf7 62.Kf5 1-0

[Event "EU-chT Seniors 15th"]
[Site "Dresden"]
[Date "2013.07.26"]
[Round "7"]
[White "Just, Joachim"]
[Black "Gross, Werner"]
[Result "1/2-1/2"]
[WhiteElo "2055"]
[BlackElo "2223"]
[EventDate "2013.07.20"]
[PlyCount "29"]

1.Nf3 c5 2.c4 Nc6 3.g3 g6 4.Nc3 Bg7 5.Bg2 e5 6.O-O Nge7 7.d3 O-O 8.Bd2 h6 
9.Ne1 d6 10.Nc2 Be6 11.Ne3 Qd7 12.Ncd5 Bh3 13.Rb1 Bxg2 14.Kxg2 f5 15.b4 
1/2-1/2

[Event "EU-chT Seniors 15th"]
[Site "Dresden"]
[Date "2013.07.26"]
[Round "7"]
[White "Chernikov, Oleg"]
[Black "Haubt, Georg"]
[Result "1/2-1/2"]
[WhiteElo "2406"]
[BlackElo "2239"]
[EventDate "2013.07.20"]
[PlyCount "108"]

1.Nf3 Nc6 2.e4 e5 3.Bc4 Bc5 4.c3 Nf6 5.d4 exd4 6.O-O Nxe4 7.cxd4 Bb4 8.d5 
Ne7 9.Qd4 Nf6 10.Bd3 c5 11.Qh4 d6 12.a3 Ba5 13.b4 cxb4 14.Bb2 Nexd5 15.
Re1+ Kf8 16.axb4 Bxb4 17.Nbd2 Bd7 18.Reb1 a5 19.Nc4 Bc6 20.Nd4 Rc8 21.Nf5 
b5 22.Qg5 Rg8 23.Na3 Nc3 24.Rc1 Nfd5 25.Qg4 Bd7 26.Qf3 Qb6 27.Nc2 Bc5 28.
Ng3 Bc6 29.Bxh7 Nf6 30.Qf5 Bd7 31.Qf3 Bg4 32.Qd3 Bxf2+ 33.Kh1 Nxh7 34.Bxc3
b4 35.Bd4 Bxd4 36.Nxd4 Nf6 37.Rxc8+ Bxc8 38.Nb3 Ba6 39.Qd2 Rh8 40.Rxa5 Ng4
41.h3 Bb7 42.Rh5 Rxh5 43.Nxh5 Ne3 44.Qb2 f6 45.Nf4 Qc6 46.Nd4 Qc3 47.Qa2 
Qc4 48.Nde6+ Kg8 49.Qa7 Qe4 50.Qb8+ Kh7 51.Qc7 Nf5 52.Qf7 Qe1+ 53.Kh2 Qg3+
54.Kg1 Qe1+ 1/2-1/2

[Event "EU-chT Seniors 15th"]
[Site "Dresden"]
[Date "2013.07.26"]
[Round "7"]
[White "Pushkov, Nikolai"]
[Black "Klundt, Klaus"]
[Result "1/2-1/2"]
[WhiteElo "2396"]
[BlackElo "2338"]
[EventDate "2013.07.20"]
[PlyCount "40"]

1.d4 Nf6 2.Nf3 d5 3.c4 e6 4.Nc3 Be7 5.Bg5 h6 6.Bh4 Ne4 7.Bxe7 Qxe7 8.Qc2 
O-O 9.e3 c6 10.Bd3 Nxc3 11.Qxc3 dxc4 12.Bxc4 b6 13.O-O Nd7 14.Rfd1 c5 15.
Bb5 Rd8 16.Rac1 Bb7 17.Bxd7 Rxd7 18.dxc5 Rxd1+ 19.Rxd1 Rc8 20.b4 bxc5 
1/2-1/2

[Event "EU-chT Seniors 15th"]
[Site "Dresden"]
[Date "2013.07.26"]
[Round "7"]
[White "Andreas, Guenter"]
[Black "Kratschmer, Heinz"]
[Result "1/2-1/2"]
[WhiteElo "2000"]
[BlackElo "2139"]
[EventDate "2013.07.20"]
[PlyCount "46"]

1.e4 c5 2.Nf3 g6 3.c3 Bg7 4.g3 d5 5.exd5 Qxd5 6.Bg2 Nc6 7.O-O Qh5 8.Qa4 
Bd7 9.Qh4 Nf6 10.Qxh5 Nxh5 11.d4 cxd4 12.cxd4 Nxd4 13.Nxd4 Bxd4 14.Nc3 Bc6
15.Bxc6+ bxc6 16.Bd2 O-O 17.Rac1 Rfd8 18.Rc2 Nf6 19.Ne2 Bb6 20.Bb4 Nd5 21.
Ba3 Rac8 22.Rfc1 Rd7 23.Rxc6 Rxc6 1/2-1/2

[Event "EU-chT Seniors 15th"]
[Site "Dresden"]
[Date "2013.07.26"]
[Round "7"]
[White "Nickl, Klaus"]
[Black "Bondick, Karl Heinz"]
[Result "1/2-1/2"]
[WhiteElo "2101"]
[BlackElo "2082"]
[EventDate "2013.07.20"]
[PlyCount "41"]

1.c4 e5 2.Nc3 Nf6 3.Nf3 Nc6 4.g3 d5 5.cxd5 Nxd5 6.Bg2 Nde7 7.b4 a6 8.a3 
Nf5 9.Bb2 Be6 10.O-O Be7 11.d3 O-O 12.Rc1 f6 13.Ne4 Rc8 14.Nc5 Bxc5 15.
Rxc5 Qd7 16.Nd2 Nd8 17.Nb3 b6 18.Rc1 Qf7 19.Nd2 Qd7 20.Nb3 Qf7 21.Nd2 
1/2-1/2

[Event "EU-chT Seniors 15th"]
[Site "Dresden"]
[Date "2013.07.26"]
[Round "7"]
[White "Thornton, John"]
[Black "Juergens, Peter1"]
[Result "1/2-1/2"]
[WhiteElo "2029"]
[BlackElo "2015"]
[EventDate "2013.07.20"]
[PlyCount "32"]

1.e4 e6 2.d4 d5 3.Nc3 Bb4 4.e5 c5 5.a3 Bxc3+ 6.bxc3 Ne7 7.Nf3 Nbc6 8.Be2 
O-O 9.O-O f6 10.exf6 Rxf6 11.Re1 c4 12.Bf1 Bd7 13.Bg5 Rf7 14.Rb1 Qc7 15.
Bh4 Nf5 16.Ng5 Nd6 1/2-1/2

[Event "EU-chT Seniors 15th"]
[Site "Dresden"]
[Date "2013.07.26"]
[Round "7"]
[White "Waterfield, John"]
[Black "Fritsch, Juergen"]
[Result "1-0"]
[WhiteElo "1980"]
[BlackElo "1958"]
[EventDate "2013.07.20"]
[PlyCount "35"]

1.e4 e5 2.Nf3 Nc6 3.Nc3 Bc5 4.Nxe5 Bxf2+ 5.Kxf2 Nxe5 6.d4 Nc6 7.Bd3 d6 8.
Be2 Nf6 9.Rf1 O-O 10.Kg1 Qe7 11.Bg5 h6 12.Nd5 Qxe4 13.Nxf6+ gxf6 14.Bxf6 
Re8 15.Bd3 Qe3+ 16.Kh1 Nxd4 17.Bxd4 Qg5 18.Bf6 1-0

[Event "EU-chT Seniors 15th"]
[Site "Dresden"]
[Date "2013.07.26"]
[Round "7"]
[White "Lie, Terje"]
[Black "Richter, Andreas"]
[Result "1/2-1/2"]
[WhiteElo "1596"]
[BlackElo "2171"]
[EventDate "2013.07.20"]
[PlyCount "190"]

1.d4 Nf6 2.c4 g6 3.Nc3 d5 4.Nf3 c5 5.dxc5 Qa5 6.cxd5 Qxc5 7.Qd4 Qa5 8.Bd2 
Bg7 9.e4 O-O 10.Bd3 a6 11.O-O Qc7 12.Qc4 Qd8 13.Rac1 Bg4 14.Ne5 Nbd7 15.
Nxd7 Nxd7 16.Bf4 Ne5 17.Bxe5 Bxe5 18.h3 Bd7 19.Qb3 b5 20.Ne2 Qb6 21.Kh1 g5
22.f4 gxf4 23.Nxf4 Rac8 24.Rc2 Qe3 25.Rcf2 Rc1 26.Rf3 Rxf1+ 27.Bxf1 Qxe4 
28.Bd3 Qe1+ 29.Bf1 Kh8 30.Nd3 Qe4 31.Nxe5 Qxe5 32.Re3 Qf6 33.Rf3 Qd6 34.
Qd3 e6 35.Qd4+ Kg8 36.Qg4+ Kh8 37.dxe6 Bxe6 38.Qf4 Qxf4 39.Rxf4 Bxa2 40.
Rf6 Be6 41.b4 Rd8 42.Rf4 Rd1 43.Kh2 Kg7 44.Be2 Rd2 45.Bf3 Ra2 46.Bc6 h6 
47.Kg1 Bc4 48.Rg4+ Kf6 49.Rd4 Rb2 50.Bb7 Rxb4 51.Bxa6 Rb1+ 52.Kh2 Be6 53.
Rh4 Kg5 54.Rd4 b4 55.h4+ Kf6 56.Rf4+ Kg7 57.h5 Rc1 58.Rxb4 Rc5 59.Be2 Re5 
60.Bf3 Rg5 61.g4 Rc5 62.Rf4 Rg5 63.Kg3 Rc5 64.Kh4 Ra5 65.Rd4 Rc5 66.Kg3 
Ra5 67.Kf4 Rc5 68.Be4 Rg5 69.Bf3 Rc5 70.Rb4 Ra5 71.Be2 Rc5 72.Rb5 Rc2 73.
Re5 Rc6 74.g5 hxg5+ 75.Rxg5+ Kh6 76.Rg2 Rc5 77.Rh2 Rf5+ 78.Ke4 Ra5 79.Rf2 
Ra4+ 80.Ke5 Ra5+ 81.Kf6 Ra2 82.Ke5 Kg7 83.h6+ Kxh6 84.Kf6 Rxe2 85.Rxe2 Kh7
86.Rg2 Bb3 87.Rh2+ Kg8 88.Rh3 Be6 89.Rh4 Bb3 90.Rb4 Be6 91.Rb8+ Kh7 92.Rf8
Bb3 93.Rd8 Be6 94.Re8 Bb3 95.Re7 Be6 1/2-1/2

[Event "EU-chT Seniors 15th"]
[Site "Dresden"]
[Date "2013.07.26"]
[Round "7"]
[White "Ritter, Fredy"]
[Black "Tveten, Per"]
[Result "1-0"]
[WhiteElo "1528"]
[BlackElo "1593"]
[EventDate "2013.07.20"]
[PlyCount "103"]

1.e4 e5 2.Nf3 Nc6 3.Bb5 d6 4.c3 Bd7 5.d4 exd4 6.cxd4 a6 7.Ba4 Nf6 8.Nc3 b5
9.Bc2 b4 10.Ne2 Bg4 11.Qd3 Be7 12.h3 Bh5 13.Ba4 Qd7 14.d5 O-O 15.Bxc6 Qc8 
16.Bxa8 Qxa8 17.Bd2 a5 18.Rc1 Qb7 19.Nf4 Bg6 20.Nxg6 fxg6 21.O-O Nd7 22.
Nd4 Ne5 23.Qe2 Bf6 24.Qe3 Re8 25.f3 h6 26.Rc2 c6 27.dxc6 Qc7 28.b3 Qb6 29.
Ne2 Qxc6 30.Nf4 Qb5 31.Rc4 g5 32.Nd5 Bd8 33.Bc1 a4 34.Bb2 a3 35.Ba1 Qb7 
36.Rxb4 Qa6 37.Rd1 Nd7 38.Ra4 Qb5 39.Bd4 Ba5 40.Bc3 Bxc3 41.Nxc3 Qe5 42.
Rd5 Qg3 43.Rxa3 Nf6 44.Rd1 g4 45.Ne2 Qe5 46.hxg4 Nd5 47.Qd4 Nf4 48.Nxf4 
Qxf4 49.Ra7 Re5 50.Qxd6 Qe3+ 51.Kh1 Qxa7 52.Qxe5 1-0

[Event "EU-chT Seniors 15th"]
[Site "Dresden"]
[Date "2013.07.26"]
[Round "7"]
[White "Denda, Ronald"]
[Black "Hesse, Manfred"]
[Result "1/2-1/2"]
[WhiteElo "2020"]
[BlackElo "2014"]
[EventDate "2013.07.20"]
[PlyCount "38"]

1.e4 c5 2.Nf3 g6 3.d4 cxd4 4.Nxd4 Bg7 5.Be3 d6 6.Nc3 Nf6 7.Be2 a6 8.Qd2 
Ng4 9.Bxg4 Bxg4 10.f3 Bd7 11.Bh6 O-O 12.O-O-O Nc6 13.Bxg7 Kxg7 14.g4 Rc8 
15.g5 Rh8 16.h4 h5 17.Rhf1 b5 18.Nd5 Re8 19.Rf2 Qa5 1/2-1/2

[Event "EU-chT Seniors 15th"]
[Site "Dresden"]
[Date "2013.07.26"]
[Round "7"]
[White "Guenther, Egbert"]
[Black "Pusch, Hermann"]
[Result "0-1"]
[WhiteElo "2032"]
[BlackElo "2139"]
[EventDate "2013.07.20"]
[PlyCount "50"]

1.e4 c5 2.d4 cxd4 3.c3 d3 4.Nf3 Nc6 5.Bxd3 d6 6.O-O g6 7.Bc4 Bg7 8.Qe2 Nf6
9.h3 O-O 10.Rd1 Qc7 11.Na3 a6 12.Bg5 b5 13.Bb3 Bb7 14.Rd2 Nd7 15.Bd5 Rfe8 
16.Rad1 Nb6 17.c4 b4 18.Nb1 Na4 19.Be3 Rad8 20.Bxc6 Qxc6 21.e5 Bxe5 22.b3 
Nc3 23.Nxc3 Bxc3 24.Rd5 Qc7 25.R5d3 Be4 0-1

[Event "EU-chT Seniors 15th"]
[Site "Dresden"]
[Date "2013.07.26"]
[Round "7"]
[White "Walther, Diethelm"]
[Black "Bisse, Vilorij"]
[Result "1-0"]
[WhiteElo "2159"]
[BlackElo "1967"]
[EventDate "2013.07.20"]
[PlyCount "121"]

1.d4 d5 2.Bg5 Nd7 3.Nd2 Ngf6 4.Ngf3 e6 5.e3 c5 6.dxc5 Bxc5 7.Nb3 Be7 8.c4 
O-O 9.cxd5 Nxd5 10.Bxe7 Qxe7 11.Bd3 Qb4+ 12.Nfd2 Ne5 13.Bxh7+ Kxh7 14.Qh5+
Kg8 15.Qxe5 Bd7 16.O-O Rac8 17.Rfc1 Rc6 18.Rxc6 Bxc6 19.Rc1 Qg4 20.Nf3 Nf6
21.Nbd4 Bd5 22.a3 Qg6 23.h3 Ne4 24.Nh4 Qh7 25.Nhf5 Re8 26.Ne7+ Kf8 27.Nxd5
exd5 28.Qxd5 Qh6 29.Rc7 Qg6 30.Nf5 Qf6 31.g4 g6 32.f3 gxf5 33.fxe4 Rxe4 
34.Qxf5 Qxf5 35.gxf5 Rxe3 36.Rxb7 Rxh3 37.Kg2 Rd3 38.f6 Kg8 39.Rxa7 Rd2+ 
40.Kf3 Rxb2 41.Ra6 Kh7 42.Ke4 Kg6 43.a4 Rb1 44.Kd4 Kf5 45.Kc5 Rc1+ 46.Kb5 
Rb1+ 47.Ka5 Rb2 48.Rb6 Ra2 49.Kb5 Rb2+ 50.Ka6 Ra2 51.a5 Ra1 52.Rc6 Ke5 53.
Kb6 Kd5 54.Rc7 Rb1+ 55.Ka7 Ke6 56.Rc6+ Kd7 57.Rb6 Ra1 58.a6 Rf1 59.Kb7 Rc1
60.a7 Rc7+ 61.Ka6 1-0

[Event "EU-chT Seniors 15th"]
[Site "Dresden"]
[Date "2013.07.26"]
[Round "7"]
[White "Bhend, Edwin"]
[Black "Detter, Peter"]
[Result "1-0"]
[WhiteElo "2221"]
[BlackElo "2086"]
[EventDate "2013.07.20"]
[PlyCount "57"]

1.b3 d5 2.Bb2 Bg4 3.h3 Bh5 4.Nf3 Bxf3 5.gxf3 Nd7 6.e3 Ngf6 7.c4 e6 8.Nc3 
c6 9.cxd5 exd5 10.Qc2 Bd6 11.Ne2 Qe7 12.Nd4 g6 13.a3 O-O-O 14.Ba6 Kb8 15.
Bxb7 Kxb7 16.Qxc6+ Kb8 17.Qb5+ Ka8 18.Qc6+ Kb8 19.Qb5+ Ka8 20.Nc6 Qe6 21.
Qa5 Bc5 22.Nxd8 Bb6 23.Nxe6 Bxa5 24.Nd4 Re8 25.Rc1 Nh5 26.O-O Bxd2 27.Rc7 
Ne5 28.f4 Nd3 29.Nc6 1-0